[Event "Rated Blitz game"]
[Site "?"]
[Date "2021.05.06"]
[Round "?"]
[White "AndreiSav"]
[Black "Fantastic_power06"]
[Result "1-0"]
[WhiteElo "2507"]
[BlackElo "2690"]
[PlyCount "87"]
[EventDate "2021.??.??"]
[EventType "blitz"]

1. e4 e5 2. Nf3 d5 3. Nc3 dxe4 4. Nxe4 f5 5. Ng3 e4 6. Ng1 Nf6 7. d3 Bc5 8. c3
exd3 9. Qxd3 Qxd3 10. Bxd3 O-O 11. N1e2 Ng4 12. O-O Nc6 13. h3 Nge5 14. Bc2 Be6
15. Nf4 Bc4 16. Re1 g5 17. Nfh5 f4 18. Ne4 Be7 19. b3 Bd3 20. Bxd3 Nxd3 21. Rd1
Rad8 22. Kf1 f3 23. gxf3 Nce5 24. Ke2 c5 25. Bxg5 Bxg5 26. Nxg5 Rf5 27. h4 h6
28. Ng3 Nf4+ 29. Ke3 Rxd1 30. Rxd1 Rf8 31. N5e4 Ng2+ 32. Ke2 Nxf3 33. Rd6 Nfxh4
34. Rxh6 Nf4+ 35. Kd2 Nhg6 36. Nxc5 Kg7 37. Rh1 Rd8+ 38. Kc2 b6 39. Nce4 Re8
40. Rd1 Ne6 41. Rd7+ Kh6 42. Nf5+ Kh5 43. f3 Nef4 44. Rh7# {Normal} 1-0

[Event "Rated Blitz game"]
[Site "?"]
[Date "2021.05.06"]
[Round "?"]
[White "Ricardinho15"]
[Black "Sinrah-Tensei"]
[Result "1-0"]
[WhiteElo "2397"]
[BlackElo "2430"]
[PlyCount "29"]
[EventDate "2021.??.??"]
[EventType "blitz"]

1. e4 e5 2. Nf3 d5 3. exd5 Bd6 4. Nc3 Nf6 5. Bb5+ Kf8 6. d3 h6 7. O-O g5 8. Re1
Bg4 9. d4 exd4 10. Qxd4 Rg8 11. Ne4 Nxe4 12. Qxe4 Bh5 13. Qh7 c6 14. Qxh6+ Rg7
15. Bxg5 {Normal} 1-0

[Event "Rated Blitz game"]
[Site "?"]
[Date "2021.05.06"]
[Round "?"]
[White "kaizen30"]
[Black "Sinrah-Tensei"]
[Result "0-1"]
[WhiteElo "2334"]
[BlackElo "2405"]
[PlyCount "74"]
[EventDate "2021.??.??"]
[EventType "blitz"]

1. e4 e5 2. Nf3 d5 3. Nxe5 Bd6 4. d4 dxe4 5. Bc4 Bxe5 6. dxe5 Qxd1+ 7. Kxd1 Nc6
8. Bf4 Bg4+ 9. Kc1 Nge7 10. h3 Bh5 11. e6 O-O 12. Nd2 Rac8 13. Nxe4 f5 14. Ng5
h6 15. Nf3 Bxf3 16. gxf3 g5 17. Rg1 Kh7 18. Bd2 Ne5 19. Be2 f4 20. Bc3 N7g6 21.
b3 Rce8 22. Kb2 Rxe6 23. Rh1 Nh4 24. Rad1 Rf7 25. Rd5 Rfe7 26. Rd8 a6 27. Rb8
b5 28. Rd1 c5 29. a3 Kg6 30. Rd5 Kh5 31. Rxc5 Nexf3 32. Bd1 Rd7 33. Kc1 Rxd1+
34. Kxd1 Ng1 35. Rh8 Nxh3 36. Bd4 Nf3 37. Bg7 Re1# {Normal} 0-1

[Event "Rated Blitz game"]
[Site "?"]
[Date "2021.05.06"]
[Round "?"]
[White "Neftegor"]
[Black "Jomajo"]
[Result "1-0"]
[WhiteElo "2562"]
[BlackElo "2662"]
[PlyCount "77"]
[EventDate "2021.??.??"]
[EventType "blitz"]

1. e4 e5 2. Nf3 d5 3. exd5 e4 4. Qe2 Qe7 5. Nd4 Nf6 6. Nc3 Qe5 7. Nb3 Nbd7 8.
d4 exd3 9. cxd3 Bb4 10. Bd2 O-O 11. Qxe5 Nxe5 12. d4 Neg4 13. Be2 Re8 14. h3
Nh6 15. g4 Bxc3 16. bxc3 Nxd5 17. Kf1 f5 18. Bf3 c6 19. c4 Nb6 20. Bxh6 gxh6
21. Rc1 Be6 22. d5 cxd5 23. c5 Nc4 24. Nd4 Rad8 25. gxf5 Bf7 26. Rg1+ Kf8 27.
Kg2 Rc8 28. Ne6+ Bxe6 29. fxe6 Rxc5 30. Rge1 b5 31. Bg4 Ke7 32. Rc3 d4 33. Rf3
Nd6 34. Rf4 Rd5 35. Rc1 d3 36. Rc7+ Kd8 37. Rd7+ Kc8 38. e7 Kb8 39. Rf8 {Normal
} 1-0

[Event "Rated Blitz game"]
[Site "?"]
[Date "2021.05.06"]
[Round "?"]
[White "Estudio_de_aperturas"]
[Black "Snowvaz"]
[Result "1/2-1/2"]
[WhiteElo "2431"]
[BlackElo "2312"]
[PlyCount "146"]
[EventDate "2021.??.??"]
[EventType "blitz"]

1. e4 e5 2. Nf3 d5 3. Nxe5 Qe7 4. d4 f6 5. Nf3 dxe4 6. Nfd2 f5 7. Nc4 Nf6 8.
Ne5 Nbd7 9. Nxd7 Bxd7 10. Bc4 O-O-O 11. O-O h6 12. c3 g5 13. f4 gxf4 14. Bxf4
Be6 15. Bxe6+ Qxe6 16. Be5 Be7 17. Qb3 Nd5 18. Bxh8 Rxh8 19. Nd2 Rg8 20. Rae1
c6 21. Nc4 Qg6 22. Re2 Qg4 23. Qd1 Nf4 24. Rxf4 Qxf4 25. Rf2 Qg5 26. Ne5 Bd6
27. Nf7 Qf6 28. Nxd6+ Qxd6 29. Rxf5 Re8 30. Qg4 Kc7 31. Qg7+ Kb6 32. Rf7 Qb8
33. Kf2 e3+ 34. Ke1 Ka6 35. Qxh6 e2 36. Qh3 b5 37. Rf2 Rh8 38. Qg3 Qe8 39. Rxe2
Qh5 40. h3 Rh6 41. Qf3 Qxf3 42. gxf3 Rxh3 43. Rf2 Rh1+ 44. Ke2 Ra1 45. f4 Rxa2
46. f5 Rxb2+ 47. Ke3 Rb3 48. Ke4 Rxc3 49. f6 Rh3 50. f7 Rh8 51. Rf6 Rf8 52. Ke5
Ka5 53. Ke6 b4 54. Ke7 Rxf7+ 55. Rxf7 b3 56. Rf2 Kb4 57. Rf1 Kc3 58. d5 b2 59.
dxc6 Kc2 60. c7 b1=Q 61. c8=Q+ Kb2 62. Qb8+ Kc3 63. Qxb1 Kd4 64. Qa1+ Ke4 65.
Qxa7 Kd3 66. Qa6+ Ke4 67. Rf2 Ke3 68. Qb6+ Ke4 69. Qc6+ Ke3 70. Qb6+ Ke4 71.
Qb7+ Ke3 72. Qc7 Ke4 73. Qb7+ Ke3 {Time forfeit} 1/2-1/2

[Event "Rated Blitz game"]
[Site "?"]
[Date "2021.05.06"]
[Round "?"]
[White "wizardbar"]
[Black "KamranShirazi"]
[Result "1-0"]
[WhiteElo "2488"]
[BlackElo "2489"]
[PlyCount "55"]
[EventDate "2021.??.??"]
[EventType "blitz"]

1. e4 e5 2. Nf3 d5 3. Nxe5 Bd6 4. d4 dxe4 5. Bf4 Nc6 6. Nxc6 bxc6 7. Bxd6 cxd6
8. d5 c5 9. Nc3 Rb8 10. Bb5+ Bd7 11. a4 a6 12. Bxd7+ Qxd7 13. Nxe4 Rxb2 14. O-O
Ne7 15. Qc1 Rb4 16. Re1 O-O 17. c3 Rb6 18. Qg5 Ng6 19. h4 f6 20. Qg3 a5 21. h5
Ne5 22. h6 f5 23. hxg7 Rf7 24. Nxd6 f4 25. Qg5 Rxd6 26. Rxe5 Rxg7 27. Qxf4 Rxd5
28. Qc4 {Normal} 1-0

[Event "Rated Blitz game"]
[Site "?"]
[Date "2021.05.06"]
[Round "?"]
[White "K2Expedition"]
[Black "KamranShirazi"]
[Result "0-1"]
[WhiteElo "2467"]
[BlackElo "2489"]
[PlyCount "54"]
[EventDate "2021.??.??"]
[EventType "blitz"]

1. e4 e5 2. Nf3 d5 3. exd5 e4 4. Ne5 Qxd5 5. d4 exd3 6. Nxd3 Bd6 7. Nc3 Qf5 8.
Be2 Nc6 9. O-O Nd4 10. Be3 Nxe2+ 11. Qxe2 Be6 12. h3 Nf6 13. f4 O-O-O 14. Qf3
Kb8 15. a4 h5 16. Nb5 a6 17. Nxd6 Rxd6 18. Nc5 Bd5 19. Qf2 Ne4 20. Nxe4 Bxe4
21. c3 Rg6 22. Kh2 Rxg2+ 23. Qxg2 Bxg2 24. Kxg2 Rh6 25. Rf2 Qe4+ 26. Rf3 Rg6+
27. Kf2 Qc2+ {Normal} 0-1

[Event "Rated Blitz game"]
[Site "?"]
[Date "2021.05.06"]
[Round "?"]
[White "Sephan"]
[Black "jsequera"]
[Result "0-1"]
[WhiteElo "2528"]
[BlackElo "2471"]
[PlyCount "100"]
[EventDate "2021.??.??"]
[EventType "blitz"]

1. e4 e5 2. Nf3 d5 3. exd5 e4 4. Qe2 f5 5. d3 Nf6 6. Nc3 Bb4 7. Bg5 O-O 8. dxe4
fxe4 9. Nd2 Bxc3 10. bxc3 Qxd5 11. Be3 Nc6 12. Qb5 Qxb5 13. Bxb5 Ne5 14. h3 Nd5
15. Bd4 Ng6 16. O-O Kh8 17. Nxe4 Bf5 18. Rfe1 Ndf4 19. Ng5 h6 20. Ne4 Nh4 21.
Bf1 Rae8 22. Ng3 Nxh3+ 23. Kh2 Ng5 24. Rxe8 Rxe8 25. f4 Ne6 26. Nxf5 Nxf5 27.
Be5 Ne3 28. Bd3 Ng4+ 29. Kg3 Nxe5 30. fxe5 g5 31. Rd1 Kg7 32. Bf5 Nc5 33. Rd5
b6 34. Bg4 c6 35. Rd4 Rxe5 36. Kf3 Ne6 37. Rd6 Nc5 38. Rxc6 Re7 39. Bh5 Nd7 40.
Rg6+ Kh7 41. Rd6 Kg7 42. Kf2 Nf6 43. Bf3 g4 44. Bc6 h5 45. Kg3 Re3+ 46. Kh4
Rxc3 47. Bb7 Rc7 48. Ba8 Kg6 49. a4 Kf5 50. g3 Rxc2 {Time forfeit} 0-1

[Event "Rated Blitz game"]
[Site "?"]
[Date "2021.05.06"]
[Round "?"]
[White "walaasarwat"]
[Black "Razario90"]
[Result "1-0"]
[WhiteElo "2451"]
[BlackElo "2397"]
[PlyCount "93"]
[EventDate "2021.??.??"]
[EventType "blitz"]

1. e4 e5 2. Nf3 d5 3. exd5 e4 4. Qe2 Nf6 5. d3 Qxd5 6. Bg5 Be6 7. dxe4 Nxe4 8.
Nc3 Bb4 9. Qb5+ Qxb5 10. Bxb5+ c6 11. O-O-O Nxg5 12. Nxg5 Bxc3 13. Nxe6 fxe6
14. Bc4 Bf6 15. Bxe6 Na6 16. Rhe1 Rd8 17. Bc8+ Kf7 18. Bxb7 Nb8 19. Re4 Rhe8
20. Rxd8 Bxd8 21. Rc4 Re6 22. f4 Ke7 23. Kd1 Kd6 24. Bc8 Rf6 25. g3 Bb6 26. b4
Nd7 27. Re4 Nf8 28. c4 Bg1 29. c5+ Kc7 30. Bh3 Bxh2 31. Re7+ Kd8 32. Rxg7 h5
33. Rxa7 h4 34. gxh4 Rxf4 35. a3 Rxh4 36. Bg2 Rh6 37. Ra8+ Ke7 38. Rc8 Ke6 39.
Rxf8 Ke5 40. Rd8 Rg6 41. Bf3 Rf6 42. Be2 Bg1 43. Kc2 Bd4 44. Kd3 Rh6 45. Rxd4
Rh3+ 46. Kc4 Rxa3 47. Bd3 {Normal} 1-0

[Event "Rated Blitz tournament A1Be0S06"]
[Site "?"]
[Date "2021.05.06"]
[Round "?"]
[White "mrsavic777"]
[Black "VVV-31"]
[Result "1-0"]
[WhiteElo "2695"]
[BlackElo "2219"]
[PlyCount "117"]
[EventDate "2021.??.??"]
[EventType "blitz"]

1. e4 e5 2. Nf3 d5 3. exd5 Bd6 4. Nc3 Nf6 5. d3 h6 6. g3 O-O 7. Bg2 c6 8. dxc6
Nxc6 9. O-O Bg4 10. h3 Bh5 11. g4 Bg6 12. Re1 Re8 13. Ne4 Bc7 14. Nh4 Bxe4 15.
dxe4 Qxd1 16. Rxd1 Nb4 17. c3 Nc2 18. Rb1 Rad8 19. Bf3 Rxd1+ 20. Bxd1 Ne1 21.
Bd2 Nd3 22. Bc2 Nc5 23. f3 Ne6 24. Be3 Ng5 25. Kg2 Ne6 26. Rd1 a6 27. Kf2 Rd8
28. Rxd8+ Bxd8 29. Ng2 g5 30. Bb3 Nf4 31. Nxf4 gxf4 32. Bc5 Nd7 33. Bd6 Bf6 34.
Bd5 b5 35. Ke2 Nb6 36. Kd3 Na4 37. b3 Nb6 38. c4 Nc8 39. Bc7 bxc4+ 40. Kxc4 Be7
41. Bb7 Nd6+ 42. Bxd6 Bxd6 43. Bxa6 f5 44. gxf5 Kf7 45. Kd5 Ke7 46. b4 Bxb4 47.
Kxe5 Bd2 48. Kd5 Kf6 49. a4 h5 50. Bd3 h4 51. e5+ Kg5 52. f6 Bb4 53. f7 Kh6 54.
a5 Kg7 55. a6 Ba5 56. a7 Bc7 57. a8=Q Bxe5 58. Qg8+ Kf6 59. Qg6+ {Normal} 1-0

[Event "Rated Blitz tournament k7VqgpVG"]
[Site "?"]
[Date "2021.05.06"]
[Round "?"]
[White "Ruediger1"]
[Black "Groupchess-com"]
[Result "1-0"]
[WhiteElo "2523"]
[BlackElo "2384"]
[PlyCount "81"]
[EventDate "2021.??.??"]
[EventType "blitz"]

1. e4 e5 2. Nf3 d5 3. Nxe5 dxe4 4. d4 Nd7 5. Bf4 Bd6 6. Nc3 Ngf6 7. Bc4 O-O 8.
O-O Qe7 9. Nxd7 Bxd7 10. Bxd6 Qxd6 11. Re1 Rfe8 12. Qd2 a6 13. Rad1 b5 14. Bb3
Rad8 15. h3 h6 16. Qe3 Bf5 17. Ne2 c5 18. dxc5 Qxd1 19. Rxd1 Rxd1+ 20. Kh2 Rd7
21. g4 Be6 22. Bxe6 Rxe6 23. b4 Nd5 24. Qd4 Nb6 25. Qc3 Nc4 26. Nf4 Rf6 27. Nh5
Rxf2+ 28. Kg1 Rf6 29. Nxf6+ gxf6 30. Qxf6 e3 31. c6 e2 32. Kf2 Rd6 33. Qe7 Re6
34. Qd8+ Kg7 35. Ke1 Ne3 36. Qd4+ f6 37. Qd7+ Kg6 38. Qxe6 Nxc2+ 39. Kd2 Nd4
40. Qe4+ f5 41. Qxd4 {Normal} 1-0

[Event "Rated Blitz game"]
[Site "?"]
[Date "2021.05.06"]
[Round "?"]
[White "YaaasQueen"]
[Black "magos33"]
[Result "1/2-1/2"]
[WhiteElo "2493"]
[BlackElo "2393"]
[PlyCount "145"]
[EventDate "2021.??.??"]
[EventType "blitz"]

1. e4 e5 2. Nf3 d5 3. Nxe5 Bd6 4. d4 dxe4 5. Bc4 Bxe5 6. dxe5 Qxd1+ 7. Kxd1 Nc6
8. c3 Nxe5 9. Be2 Bf5 10. Bf4 O-O-O+ 11. Nd2 Nd3 12. Be3 Nxb2+ 13. Kc2 Na4 14.
g4 Bg6 15. h4 h6 16. h5 Bh7 17. Nb3 Ne7 18. Nd4 Nd5 19. c4 Nb4+ 20. Kb3 c5 21.
Nb5 a6 22. Kxa4 axb5+ 23. Kxb5 Nc2 24. Rac1 Nxe3 25. fxe3 Kc7 26. Kxc5 Rd2 27.
Bd1 Rxa2 28. Rf1 f6 29. Rb1 Rd8 30. Bb3 Ra5+ 31. Kb4 b6 32. Rbd1 Rd3 33. Ra1
Rxe3 34. Rfc1 Bg8 35. Bd1 Rxa1 36. Rxa1 Kb7 37. Ba4 Rd3 38. Bc2 Rd4 39. Bb3 e3
40. Re1 Re4 41. Kc3 Kc6 42. Ba4+ Kc5 43. Bc2 Rxc4+ 44. Kd3 Rxg4 45. Kxe3 Bd5
46. Bg6 b5 47. Rc1+ Bc4 48. Ra1 Rg3+ 49. Kf4 Rg2 50. Ra7 b4 51. Rxg7 b3 52.
Rc7+ Kd4 53. Rd7+ Kc3 54. Rc7 b2 55. Kf5 Rf2+ 56. Kg4 f5+ 57. Bxf5 Rxf5 58.
Kxf5 b1=Q+ 59. Kf6 Qe4 60. Re7 Qf4+ 61. Kg7 Qg5+ 62. Kf8 Qxh5 63. Re3+ Kd4 64.
Re7 Qg5 65. Rg7 Qxg7+ 66. Kxg7 h5 67. Kh6 h4 68. Kg5 h3 69. Kf4 h2 70. Kg3 h1=Q
71. Kf2 Qh3 72. Ke1 Ke3 73. Kd1 {Time forfeit} 1/2-1/2

[Event "Rated Blitz game"]
[Site "?"]
[Date "2021.05.06"]
[Round "?"]
[White "kntlgede"]
[Black "annaly1979"]
[Result "1-0"]
[WhiteElo "2511"]
[BlackElo "2411"]
[PlyCount "35"]
[EventDate "2021.??.??"]
[EventType "blitz"]

1. e4 e5 2. Nf3 d5 3. d3 dxe4 4. Nxe5 Qe7 5. d4 Nd7 6. Nxd7 Bxd7 7. c4 Nf6 8.
Nc3 O-O-O 9. Be2 h5 10. O-O h4 11. h3 Bc6 12. Be3 g6 13. d5 Bg7 14. Qb3 Bd7 15.
Bxa7 Nh5 16. c5 Nf4 17. Ba6 Bc6 18. dxc6 {Normal} 1-0

[Event "Rated Blitz game"]
[Site "?"]
[Date "2021.05.06"]
[Round "?"]
[White "Kuzelnik"]
[Black "BlunderTV"]
[Result "0-1"]
[WhiteElo "2322"]
[BlackElo "2422"]
[PlyCount "104"]
[EventDate "2021.??.??"]
[EventType "blitz"]

1. e4 e5 2. Nf3 d5 3. exd5 e4 4. Qe2 Nf6 5. d3 Bb4+ 6. c3 Bd6 7. dxe4 O-O 8.
Bg5 h6 9. Bxf6 Qxf6 10. Qd3 b6 11. Be2 Re8 12. Nbd2 Ba6 13. c4 Nd7 14. O-O Nc5
15. Qc2 g5 16. b4 Nd7 17. b5 Bb7 18. Nb3 g4 19. Nfd4 Qe5 20. f4 Qxe4 21. Qxe4
Rxe4 22. Bxg4 Nf6 23. Rae1 Rxe1 24. Rxe1 Nxg4 25. g3 a6 26. h3 Nf6 27. a4 axb5
28. axb5 Ra4 29. Nf5 Rxc4 30. Nxh6+ Kh7 31. Nf5 Bxd5 32. Nxd6 cxd6 33. Re7 Rc3
34. Nd4 Rxg3+ 35. Kf2 Rxh3 36. Nf5 Ne4+ 37. Ke1 Rh1+ 38. Ke2 Be6 39. Nd4 Rh2+
40. Kf3 Nd2+ 41. Kg3 Rh3+ 42. Kg2 Rh6 43. f5 Bd5+ 44. Kf2 Rh2+ 45. Kg3 Rg2+ 46.
Kf4 Rf2+ 47. Kg3 Rf1 48. Rd7 Ne4+ 49. Kh2 Rd1 50. Nf3 Rd3 51. Ne1 Re3 52. Nc2
Re2+ {Normal} 0-1

[Event "Rated Blitz game"]
[Site "?"]
[Date "2021.05.06"]
[Round "?"]
[White "Dabar1"]
[Black "KamranShirazi"]
[Result "1-0"]
[WhiteElo "2462"]
[BlackElo "2455"]
[PlyCount "62"]
[EventDate "2021.??.??"]
[EventType "blitz"]

1. e4 e5 2. Nf3 d5 3. exd5 e4 4. Qe2 Nf6 5. d3 Bb4+ 6. c3 O-O 7. dxe4 Bc5 8.
Bg5 c6 9. Bxf6 Qxf6 10. dxc6 Nxc6 11. Nbd2 Re8 12. O-O-O Bg4 13. h3 Bh5 14. Qc4
b6 15. Qa4 Bxf2 16. Bb5 Rac8 17. Rhf1 Be3 18. Kb1 Bg6 19. Nd4 Bxd2 20. Rxf6
Bxe4+ 21. Ka1 gxf6 22. Bxc6 Bxc6 23. Nxc6 Re6 24. Nd4 Re5 25. Rxd2 b5 26. Qc2
b4 27. a3 bxc3 28. bxc3 Ra5 29. Ka2 Rac5 30. Rd3 Rc4 31. Nf5 Rd4 {Normal} 1-0

[Event "Rated Blitz tournament mgINKex0"]
[Site "?"]
[Date "2021.05.06"]
[Round "?"]
[White "Josipan_81"]
[Black "Arkadag2020"]
[Result "0-1"]
[WhiteElo "2459"]
[BlackElo "2546"]
[PlyCount "88"]
[EventDate "2021.??.??"]
[EventType "blitz"]

1. e4 e5 2. Nf3 d5 3. exd5 e4 4. Qe2 Be7 5. Qxe4 Nf6 6. Qa4+ c6 7. dxc6 O-O 8.
c3 Nxc6 9. d4 Re8 10. Be2 Bd6 11. Qc2 Qe7 12. Bg5 Bf5 13. Qd2 Rad8 14. Bxf6
Qxf6 15. O-O Bg4 16. Re1 Bxf3 17. Bxf3 Qf4 18. Kf1 Qxh2 19. g3 h5 20. Rxe8+
Rxe8 21. Qg5 Qh3+ 22. Bg2 Qe6 23. Nd2 Qe2+ 24. Kg1 h4 25. gxh4 Be7 26. Qe3 Bxh4
27. Qxe2 Rxe2 28. Nf3 Bxf2+ 29. Kf1 Rxb2 30. Ne5 Bg3 31. Nxc6 bxc6 32. Kg1 c5
33. Rf1 cxd4 34. cxd4 Kf8 35. d5 f6 36. Be4 Be5 37. Rf3 Ke7 38. Rb3 Rxa2 39.
Rb7+ Kd6 40. Rxg7 f5 41. Rg6+ Kc5 42. Bg2 Ra1+ 43. Kf2 Ra2+ 44. Kf3 Rxg2 {
Time forfeit} 0-1

[Event "Rated Blitz game"]
[Site "?"]
[Date "2021.05.06"]
[Round "?"]
[White "mikromurks"]
[Black "Razario90"]
[Result "0-1"]
[WhiteElo "2471"]
[BlackElo "2398"]
[PlyCount "20"]
[EventDate "2021.??.??"]
[EventType "blitz"]

1. e4 e5 2. Nf3 d5 3. exd5 e4 4. Qe2 Nf6 5. d3 Qxd5 6. Nc3 Bb4 7. Bd2 Bxc3 8.
Bxc3 O-O 9. Bxf6 exf3 10. Qe5 Qxe5+ {Normal} 0-1

[Event "Rated Blitz game"]
[Site "?"]
[Date "2021.05.06"]
[Round "?"]
[White "Chesstomioka"]
[Black "annaly1979"]
[Result "1-0"]
[WhiteElo "2464"]
[BlackElo "2420"]
[PlyCount "49"]
[EventDate "2021.??.??"]
[EventType "blitz"]

1. e4 e5 2. Nf3 d5 3. exd5 e4 4. Nd4 c5 5. Nb3 f5 6. d4 b6 7. Bb5+ Nd7 8. Bc6
Rb8 9. Bf4 Ngf6 10. Bxb8 Ba6 11. Bg3 Ng4 12. h3 Ngf6 13. dxc5 bxc5 14. Nc3 g6
15. Qd2 h5 16. Bf4 Qb6 17. Na4 Qd8 18. Bg5 Bc4 19. Nbxc5 Bxc5 20. Nxc5 O-O 21.
Ne6 Qb8 22. Bxf6 Nxf6 23. Qc3 Bxd5 24. Bxd5 Nxd5 25. Qg7# {Normal} 1-0

[Event "Rated Blitz game"]
[Site "?"]
[Date "2021.05.06"]
[Round "?"]
[White "Vversipellis"]
[Black "Razario90"]
[Result "1-0"]
[WhiteElo "2392"]
[BlackElo "2410"]
[PlyCount "61"]
[EventDate "2021.??.??"]
[EventType "blitz"]

1. e4 e5 2. Nf3 d5 3. d4 dxe4 4. Nxe5 Nd7 5. Qh5 Nxe5 6. Qxe5+ Qe7 7. Bf4 Qxe5
8. Bxe5 c6 9. Nd2 f6 10. Bg3 Bf5 11. O-O-O O-O-O 12. c3 Bd6 13. Re1 Bxg3 14.
hxg3 Re8 15. Bd3 Nh6 16. Nxe4 Kc7 17. Kd2 Ng4 18. Nc5 Bxd3 19. Nxd3 Nh6 20. Nc5
Nf5 21. Rxe8 Rxe8 22. Rxh7 b6 23. Nd3 Rg8 24. Nf4 Kd6 25. g4 Nh6 26. Nh5 Nxg4
27. f3 Nh6 28. Nxg7 Kd5 29. Nh5 Rxg2+ 30. Kd3 Nf5 31. Nf4+ {Time forfeit} 1-0

[Event "Rated Blitz game"]
[Site "?"]
[Date "2021.05.06"]
[Round "?"]
[White "oj_ossa"]
[Black "Slimslik02"]
[Result "1-0"]
[WhiteElo "2463"]
[BlackElo "2352"]
[PlyCount "91"]
[EventDate "2021.??.??"]
[EventType "blitz"]

1. e4 e5 2. Nf3 d5 3. exd5 e4 4. Nd4 Qxd5 5. Nb3 Bf5 6. Nc3 Qe5 7. Be2 Nc6 8.
O-O O-O-O 9. d3 exd3 10. cxd3 Bd6 11. g3 Bh3 12. Re1 Qf5 13. Ne4 Nf6 14. Bf3
Be7 15. Qe2 Ne5 16. Bg2 Nxd3 17. Bxh3 Qxh3 18. Rd1 Nxc1 19. Raxc1 Ng4 20. f3
Ne5 21. Nf2 Qf5 22. f4 Nc6 23. Qe4 Rxd1+ 24. Rxd1 Qxe4 25. Nxe4 Rd8 26. Re1 f5
27. Ng5 Bxg5 28. fxg5 b6 29. Re6 Kb7 30. g6 hxg6 31. Rxg6 Rd7 32. h4 a5 33. a4
Rd3 34. Nc1 Rd1+ 35. Kg2 Rxc1 36. Rxg7 Rc2+ 37. Kh3 Rxb2 38. h5 Rb3 39. h6 f4
40. h7 fxg3 41. h8=Q g2+ 42. Kxg2 Rb4 43. Qh7 Rb2+ 44. Kf3 Ne5+ 45. Ke4 Re2+
46. Kd5 {Time forfeit} 1-0

[Event "Rated Blitz game"]
[Site "?"]
[Date "2021.05.06"]
[Round "?"]
[White "greenbubbl_e"]
[Black "KamranShirazi"]
[Result "1-0"]
[WhiteElo "2493"]
[BlackElo "2489"]
[PlyCount "55"]
[EventDate "2021.??.??"]
[EventType "blitz"]

1. e4 e5 2. Nf3 d5 3. d4 dxe4 4. Nxe5 Nd7 5. Qh5 g6 6. Qe2 Ngf6 7. Nc3 Bg7 8.
Bg5 h6 9. Nxe4 hxg5 10. Nd6+ Kf8 11. Nexf7 Qe7 12. Qxe7+ Kxe7 13. Nxh8 cxd6 14.
Nxg6+ Kf7 15. Bd3 Nb6 16. h4 gxh4 17. Nxh4 d5 18. O-O-O Ne4 19. Rde1 Nxf2 20.
Rhf1 Bxd4 21. c3 Bc5 22. b4 Kg8 23. Bc2 Be7 24. Rxe7 Ne4 25. Bxe4 dxe4 26. Rff7
Be6 27. Rg7+ Kf8 28. Ng6# {Normal} 1-0

[Event "Rated Blitz tournament qioXLFna"]
[Site "?"]
[Date "2021.05.06"]
[Round "?"]
[White "davidb2"]
[Black "Maltinho"]
[Result "1-0"]
[WhiteElo "2486"]
[BlackElo "2505"]
[PlyCount "125"]
[EventDate "2021.??.??"]
[EventType "blitz"]

1. e4 e5 2. Nf3 d5 3. exd5 Bd6 4. d4 e4 5. Ne5 Nf6 6. Bb5+ c6 7. dxc6 bxc6 8.
Be2 Qc7 9. Bf4 Nbd7 10. Nxd7 Bxf4 11. Nxf6+ gxf6 12. g3 Bd6 13. Nc3 Bf5 14. Bg4
Bg6 15. Bh5 Qa5 16. Bxg6 hxg6 17. Qe2 f5 18. O-O-O Rb8 19. Qc4 O-O 20. Qa4 Qb6
21. b3 Rfd8 22. Qc4 Qa5 23. Na4 Ba3+ 24. Nb2 Rb4 25. Qc5 Rb5 26. Qc4 Rb4 27.
Qc3 Rdb8 28. Kb1 Qd5 29. Ka1 a5 30. Nc4 a4 31. Nxa3 axb3 32. cxb3 c5 33. dxc5
Qa8 34. Kb2 R4b7 35. Nc4 Ra7 36. a3 Rab7 37. b4 Rb5 38. Rd5 Qxd5 39. Ne3 Qxc5
40. Qxc5 Rxc5 41. Rd1 Rc7 42. Nd5 Ra7 43. Kb3 Kg7 44. a4 Rd7 45. Ne3 Rxd1 46.
Nxd1 Rd8 47. Nc3 Rd2 48. a5 Kf6 49. a6 Rd8 50. b5 Ke5 51. a7 Kd4 52. b6 Kc5 53.
b7 Kc6 54. b8=Q Rxb8+ 55. axb8=Q Kd7 56. Qb7+ Ke6 57. Kc4 Kf6 58. Kd4 Kg5 59.
Nd5 e3 60. Qe7+ Kh6 61. Qh4+ Kg7 62. Qf6+ Kf8 63. Qh8# {Normal} 1-0

[Event "Rated Blitz game"]
[Site "?"]
[Date "2021.05.06"]
[Round "?"]
[White "flipfloper"]
[Black "Schachelite"]
[Result "1-0"]
[WhiteElo "2626"]
[BlackElo "2451"]
[PlyCount "41"]
[EventDate "2021.??.??"]
[EventType "blitz"]

1. e4 e5 2. Nf3 d5 3. exd5 e4 4. Nd4 Qxd5 5. Nb3 Bd6 6. Nc3 Qe5 7. Be2 Nf6 8.
d4 exd3 9. Qxd3 Nc6 10. Be3 Bf5 11. Qd2 O-O-O 12. Bd3 Bb4 13. O-O Ne4 14. Qe2
Nxc3 15. bxc3 Bxc3 16. Bxf5+ Qxf5 17. Rab1 Rhe8 18. Qc4 Be5 19. Nc5 b6 20. Qa6+
Kb8 21. Qb7# {Normal} 1-0

[Event "Rated Blitz game"]
[Site "?"]
[Date "2021.05.06"]
[Round "?"]
[White "bingshan"]
[Black "sierra92"]
[Result "1-0"]
[WhiteElo "2297"]
[BlackElo "2450"]
[PlyCount "51"]
[EventDate "2021.??.??"]
[EventType "blitz"]

1. e4 e5 2. Nf3 d5 3. exd5 e4 4. Qe2 Nf6 5. d3 Qxd5 6. Nc3 Bb4 7. Bd2 Bxc3 8.
Bxc3 O-O 9. Ne5 exd3 10. Qxd3 Re8 11. f4 Nc6 12. O-O-O Qxa2 13. b3 Bg4 14. Re1
Rad8 15. Qc4 Be6 16. Qb5 Nd5 17. Bb2 Nxf4 18. Bc4 Nd4 19. Qxb7 Nxg2 20. Qxg2 f6
21. Nc6 Bxc4 22. Nxd4 Bd5 23. Rxe8+ Kf7 24. Qe2 Rxe8 25. Qh5+ Kf8 26. Qxd5 {
Normal} 1-0

[Event "Rated Blitz game"]
[Site "?"]
[Date "2021.05.06"]
[Round "?"]
[White "Neftegor"]
[Black "Jomajo"]
[Result "0-1"]
[WhiteElo "2571"]
[BlackElo "2654"]
[PlyCount "44"]
[EventDate "2021.??.??"]
[EventType "blitz"]

1. e4 e5 2. Nf3 d5 3. exd5 e4 4. Qe2 Qe7 5. Nd4 Nf6 6. c4 Na6 7. a3 Nc5 8. Qe3
Ng4 9. Qg3 Ne5 10. Kd1 Bd7 11. Nc3 a6 12. b4 Ncd3 13. Bxd3 Nxd3 14. Kc2 O-O-O
15. Nxe4 Nxc1 16. d3 f5 17. Nc3 Qf6 18. Nf3 Ba4+ 19. Nxa4 Qxa1 20. Rxc1 Qxa3
21. Nb2 Bxb4 22. Qxg7 Rhe8 {Normal} 0-1